Ceza infaz hukuku ve ceza-tutukevleri (Record no. 5366)

MARC details
000 -BAŞLIK
Sabit Uzunlukta Kontrol Alanı 00712na a2200241 4500
001 - KONTROL NUMARASI
Denetim Alanı 18377
003 - KONTROL NUMARASI IDENTIFIER
Denetim Alanı MIRAKIL
005 - SON İŞLEM TARİHİ VE ZAMANI
Denetim Alanı 20181213155034.0
008 - SABİT-BOY VERİ ELEMANLARI - GENEL BİLGİLER
Sabit Uzunlukta Kontrol Alanı 161117b tu 000 0
040 ## - KATALOGLAMA KAYNAK
Orijinal Kataloglama Ajansı Milas
Kataloglama Dili tur
Metne Dönüştürmek Ajansı TR-AnCHP
041 ## - DİL KODU
Metin / Ses Parça Veya Ayrı Başlığın Dil Kodu tur
082 ## - DEWEY ONLU SINIFLANDIRMA NUMARASI
Sınıflandırma Numarası 345
Ürün Numarası İ52 1999
090 ## - SINIFLAMA NUMARASI
Sınıflama Numarası 345 İ52 1999
111 ## - ANA GİRİŞ - TOPLANTI ADI
Giriş Elemanı Olarak Toplantı Adı Veya Yargı Alanı Adı İnfaz Hukuku ve Ceza-Tutukevleri
Toplantının Yeri Ankara
Toplantı Veya Antlaşma İmzalandığı Tarihi 1999
245 ## - BAŞLIK TABLOSU
Başlık Ceza infaz hukuku ve ceza-tutukevleri
Başlığın Kalan Panel 25 Ekim 1999
Sorumluluk Tablosu, Vb Türkiye Barolar Birliği
260 ## - YAYIN, DAĞITIM, VB
Yayın, Dağıtım, Vb Yeri Ankara
Yayıncı, Dağıtıcı, Vs Adı TBB
Yayın, Dağıtım, Vb Tarihi 1999
300 ## - FİZİKSEL TANIM
Kapsam 51 s.
Diğer Fiziksel Ayrıntıları plan
Boyutlar 23 sm.
490 ## - SERİSİ TABLOSU
Seri Beyanı TBB
Hacim / Ardışık Tanımı 5
650 ## - KONU KATMA GİRİŞ - TOPİKAL DÖNEM
Topikal Süreli Veya Coğrafi Ad Giriş Elemanı Ceza hukuku
Genel Alt Bölümü Cezaevleri
Kronolojik Alt Bölümü Toplantılar
710 ## - KATMA GİRİŞ - KURUMSAL ADI
Giriş Elemanı Olarak Kurumsal Ad Veya Yargı Alanı Adı Türkiye Barolar Birliği
830 ## - SERİSİ EKLENDİ GİRİŞ - ÜNİFORM ADI
Üniforma Başlık Türkiye Barolar Birliği
942 ## - EKLENDİ GİRİŞ ELEMANLARI (KOHA)
Sınıflandırma Veya Raf Düzeni Kaynak Dewey Decimal Classification
Koha Öğesi Türü Books
999 ## - SİSTEM KONTROL NUMARALARI (KOHA)
Koha Biblionumber 5366
Koha Biblioitemnumber 5366
Holdings
Kalıcı Konum Mevcut Konum Edinme Tarihi Edinim Kaynak Toplam Check-Out'Lar Tam Çağrı Numarası Barkod Tarih Son Görülme İtibaren Geçerli Fiyatlar Koha Öğesi Türü
CHP Kütüphanesi CHP Kütüphanesi 11/17/2016 Bağış   345 İ52 1999 008744 11/17/2016 11/17/2016 Books